Macroinvertebrados colonizadores de raices de Rhizophora mangle en la Bahía de Chengue, Caribe colombiano (Registro nro. 16095)

Detalles MARC
000 -CABECERA
Campo de control 004450000a22001210004500
090 ## - CLASIFICACIÓN LOCAL
Colección AS
Consecutivo Seriadas
041 0# - IDIOMA
Código de idioma para texto/pista de sonido o título separado
100 1# - ASIENTO PRINCIPAL--NOMBRE PERSONAL
Nombre personal Reyes, Rosalba
245 10 - MENCION DE TITULO
Título Macroinvertebrados colonizadores de raices de Rhizophora mangle en la Bahía de Chengue, Caribe colombiano
700 1# - ASIENTO SECUNDARIO - NOMBRE PERSONAL
Nombre personal Campos, Néstor Hernando
773 1# - Item fuente:
Título Anales del Instituto de Investigaciones Marinas de Punta de Betín
Descripción física 21
Paginas del Articulo 101-116
Lugar, editorial y fecha de publicación 1992
942 ## - ELEMENTOS ADICIONALES (KOHA)
Tipo de ítem Artículo

No hay ítems disponibles.